| 000 | 00722nam a2200241 a 4500 | ||
|---|---|---|---|
| 001 | BRCA_5501 | ||
| 005 | 20190320205115.0 | ||
| 008 | 030211s1940----enka######---#000-0#eng-# | ||
| 041 | _aeng | ||
| 044 | _aenk | ||
| 050 | 4 |
_aND553.M3 _b.R48 1940 |
|
| 100 | 1 |
_aRey, Robert _914058 |
|
| 245 | 1 | 0 |
_aManet _cRobert Rey ; translated from the French by Eveline Byam Shaw. |
| 260 |
_aLondres _bWilliam Heinemann _c[1940] |
||
| 300 |
_a167 p. _bil. (algunas a color), 160 láminas _c33 cm. |
||
| 500 | _aE175 | ||
| 504 | _aBibliografĂa: p. 166-167 | ||
| 600 | 1 | 4 |
_aManet, Edouard _d1832-1883 _914059 |
| 650 | 1 | 4 |
_aPintores franceses _97726 |
| 700 | 1 |
_aByam Shaw, Eveline _eTraductora _914060 |
|
| 902 | _aGFM | ||
| 942 |
_2lcc _cB |
||
| 999 |
_c5195 _d5195 |
||